Digital communications (Record no. 956)

000 -LEADER
fixed length control field 00508nam a2200205 a 4500
001 - CONTROL NUMBER
control field 956
003 - CONTROL NUMBER IDENTIFIER
control field BD-DhUET
008 - FIXED-LENGTH DATA ELEMENTS--GENERAL INFORMATION
fixed length control field 860516s1986 inua b 001 0 eng
020 ## - INTERNATIONAL STANDARD BOOK NUMBER
International Standard Book Number 0071181830
040 ## - CATALOGING SOURCE
Original cataloging agency DLC
Transcribing agency DLC
Modifying agency BD-DhUET
082 00 - DEWEY DECIMAL CLASSIFICATION NUMBER
Classification number 623.8
Item number PRO/2001
100 ## - MAIN ENTRY--PERSONAL NAME
Personal name Proakis, John G.
245 00 - TITLE STATEMENT
Title Digital communications
250 ## - EDITION STATEMENT
Edition statement 4th ed.
260 ## - PUBLICATION, DISTRIBUTION, ETC. (IMPRINT)
Place of publication, distribution, etc. Boston
Name of publisher, distributor, etc. McGraw-Hill
Date of publication, distribution, etc. 2001
300 ## - PHYSICAL DESCRIPTION
Extent xxi,1002p..
504 ## - BIBLIOGRAPHY, ETC. NOTE
Bibliography, etc Includes bibliographies

650 #0 - SUBJECT ADDED ENTRY--TOPICAL TERM
Topical term or geographic name as entry element Digital communications.
942 ## - ADDED ENTRY ELEMENTS (KOHA)
Koha item type General Book
Holdings
Location (home branch) Source of classification or shelving scheme Lost status Koha full call number Koha normalized classification for sorting Koha issues (times borrowed) Koha item type Shelving location Price effective from Withdrawn status Not for loan Koha date last seen Sublocation or collection (holding branch) Copy number Koha date last borrowed Piece designation (barcode) Date acquired Damaged status
Central Library, BUET  623.8/PRO/2001623_000000000000000_8PRO2001 General BookCirculation section2014-08-26  2014-08-26Central Library, BUET1 1033422014-08-26 
Central Library, BUET  623.8/PRO/2001623_000000000000000_8PRO2001 General BookCirculation section2014-08-26  2017-07-30Central Library, BUET2 1033442014-08-26 
Central Library, BUET  623.8/PRO/2001623_000000000000000_8PRO2001 General BookCirculation section2014-08-26  2015-06-08Central Library, BUET3 1033452014-08-26 
Central Library, BUET  623.8/PRO/2001623_000000000000000_8PRO20011General BookCirculation section2014-08-26  2015-08-18Central Library, BUET42015-05-201033462014-08-26 
Central Library, BUET  623.8/PRO/2001623_000000000000000_8PRO2001 General BookCirculation section2014-08-26  2014-08-26Central Library, BUET5 1033472014-08-26 
Central Library, BUET  623.8/PRO/2001623_000000000000000_8PRO20012General BookCirculation section2014-08-26  2018-08-29Central Library, BUET62018-08-061033482014-08-26 
Central Library, BUET  623.8/PRO/2001623_000000000000000_8PRO20011General BookCirculation section2014-08-26  2018-09-11Central Library, BUET72018-08-291033492014-08-26 
Central Library, BUET  623.8/PRO/2001623_000000000000000_8PRO2001 General BookCirculation section2014-08-26  2015-08-16Central Library, BUET8 1033502014-08-26 
Central Library, BUET  623.8/PRO/2001623_000000000000000_8PRO2001 General BookCirculation section2014-08-26  2015-03-01Central Library, BUET9 1076742014-08-26 
Central Library, BUET  623.8/PRO/2001623_800000000000000_PRO_20011General BookCirculation section2017-05-16  2018-09-09Central Library, BUET102018-08-281033432007-05-07